00862 2200253 4500001002100000005001500021035002000036007000300056008004100059040002200100082001600122084001600138090001900154245007700173300003800250650002700288850001200315710004600327264014900373336002100522337003000543338002300573990001200596INLIS00000000086544420211015105731 a0010-1021000364ta211015s jtia g s ind d aYOPDYOGbinderda04223a959.826 a959.826 MON aRQ 959.826 MON00aMonograf daerah Jawa Tengah /cTim penyusun monografi daerah Jawa Tengah a174 halaman :bilustrasi ;c29 cm 4aSejarah--zJawa Tengah aYOPDYOG2 aTim penyusun monografi daerah Jawa Tengah31aJakarta :bProyek Pengembangan Media Kebudayaan Ditjen Kebudayaan Departemen Pendidikan dan Kebudayaan R.I.,ctahun terbit tidak teridentifikasi 2rdacontentateks 2rdamediaatanpa perantara 2rdacarrieravolume a22734-a